000 00499nam a2200181Ia 4500
008 100920s9999 xx 000 0 und d
082 _b24671
_a7 0
100 _aGauba K. L.
245 _aSENSATIONAL TRIALS OF CRIME.
260 _bHind Pockets Books (P) Ltd, Delhi.
_c0
300 _a158
_bसाधी
365 _b3
520 _aस्टोरी.
630 _aSENSATIONAL TRIALS OF CRIME.
650 _aस्टोरी.
730 _aSENSATIONAL TRIALS OF CRIME.
942 _cBOOK
999 _c682964
_d682961